Ashbourne Homes plc v Assessor for Central Region (Record no. 24258)

MARC details
000 -LEADER
fixed length control field 01150cab a2200241 4500
001 - CONTROL NUMBER
control field E2116
008 - FIXED-LENGTH DATA ELEMENTS--GENERAL INFORMATION
fixed length control field 090401t1994 xxu||||| |||| 00| 0 eng d
035 ## - SYSTEM CONTROL NUMBER
System control number (Sirsi) u37601
041 ## - LANGUAGE CODE
Language code of text/sound track or separate title eng
245 ## - TITLE STATEMENT
Title Ashbourne Homes plc v Assessor for Central Region
260 ## - PUBLICATION, DISTRIBUTION, ETC.
Date of publication, distribution, etc. 1994
350 ## - PRICE (NR) (BK AM CF MU VM SE) [OBSOLETE]
Price 0
490 ## - SERIES STATEMENT
Series statement Scots Law Times
Volume/sequential designation 1994 SLT (Lands Tr) 24-27(4)
520 ## - SUMMARY, ETC.
Summary, etc. Lands Tribunal for Scotland. 16 December 1992. Valuation - appeal - application to valuation appeal committee to refer appeal to Lands Tribunal - appeal to Lands Tribunal against committee`s decision not to refer - Valuation Appeal Committee Procedure (Scotland) REgulations 1984 (SI 1984/1506), reg 4 (3)(d) - Valuation for Rating (Decapitalisation Rate)(Scotland) Regulations 1990 (SI 1990/505), reg 2(3).
650 ## - SUBJECT ADDED ENTRY--TOPICAL TERM
Topical term or geographic name entry element LANDS TRIBUNAL FOR SCOTLAND
650 ## - SUBJECT ADDED ENTRY--TOPICAL TERM
Topical term or geographic name entry element LANDS VALUATION APPEAL COMMITTEE
650 ## - SUBJECT ADDED ENTRY--TOPICAL TERM
Topical term or geographic name entry element NURSING HOMES
650 ## - SUBJECT ADDED ENTRY--TOPICAL TERM
Topical term or geographic name entry element VALUATION APPEAL COMMITTEE PROCEDURE (SCOTLAND) REGULATIONS 1984
650 ## - SUBJECT ADDED ENTRY--TOPICAL TERM
Topical term or geographic name entry element VALUATION FOR RATING (DECAPITALISATION RATE)(SCOTLAND) REGULATIONS 199
690 ## - LOCAL SUBJECT ADDED ENTRY--TOPICAL TERM (OCLC, RLIN)
Topical term or geographic name as entry element RATING AND VALUATION-CASE LAW
942 ## - ADDED ENTRY ELEMENTS (KOHA)
Suppress in OPAC 0
948 ## - LOCAL PROCESSING INFORMATION (OCLC); SERIES PART DESIGNATOR (RLIN)
c (OCLC) 04/03/1997
Holdings
Withdrawn status Lost status Source of classification or shelving scheme Damaged status Not for loan Home library Current library Shelving location Date acquired Total Checkouts Full call number Barcode Date last seen Copy number Price effective from Koha item type
    Dewey Decimal Classification     London London Journal article 14/09/1999   E2116 37601-1001 06/08/2019 1 06/08/2019 Law report